Quizzes
Events
Quiz Creation
Community
Videos
Private Events
Remove Ads
Sign In
Join for FREE
Feedback
Dark Mode
Quiz Categories
Sports
Geography
Music
Movies
Television
Just For Fun
Miscellaneous
History
Literature
Language
Science
Gaming
Entertainment
Religion
Holiday
For Kids
Quiz Lab
Recent
Popular Today
Quiz Kudos Today
Editor Picks
Curator Picks
Quizzes by...
Day
Popularity
Type
Ratings
Length
Year
Community
Subscriptions
Recent Discussions
Orange Saloon
Badges
Playlists
Quests
Create
Leaderboards
Showdown
Live 5
Trivia Bingo
Activity
Puzzle Library
Sporcle Events
Private Events
Virtual Trivia
Globe League
Become a Host
Pub Owners
SporcleCon
Opinionation
Our Games
Videos
Blog
Mobile Apps
Partnerships
Remove Ads and Go Orange
Feedback
Science
Computer
Plants
Astronomy
Chemistry
Elements
Math
Animal
Physics
Anatomy
Biology
Geology
General Science
Science
Computer
Plants
Astronomy
Chemistry
Elements
Math
Animal
Physics
Anatomy
Biology
Geology
General Science
Random Quiz
Search Sporcle
×
Quiz Lab
Quiz Lab
Science
Vocabulary
Type in answers that appear in a list
Type in answers that appear in a list
Classic
Best Score? Go Orange.
Anatomical Planes of Reference and Directions Stats
Can you name these human and domestic animal anatomy terms?
By
revolutionrock
10m
18 Questions
2,066 Plays
2,066 Plays
2,066 Plays
Comments
Comments
Give Quiz Kudos
Give Quiz Kudos
-
- Ratings
hide this ad
Forced Order
Answers have to be entered in order
Answers have to be entered in order
Random Order
Randomize order of answers
Randomize order of answers
Replay
Link that replays current quiz
Next Quiz
Link to next quiz in quiz playlist
You Got
0%
They Got
Avg Score
63%
Avg Friend Score
Upgrade to see
Score Distribution
Jump to the score distribution portion of the page
Score
0/18
Timer
10:00
0
Plays Today
Hint
Answer
% Correct
Toward the head end of the body
Cranial
80.8%
Toward the tail end of the body
Caudal
77.9%
Toward the back
Dorsal
77.2%
Toward the median plane
Medial
74.3%
Away from the body (extremity)
Distal
72.8%
Toward the belly
Ventral
70.6%
Away from the median plane
Lateral
70.6%
Toward the body (extremity)
Proximal
68.6%
Toward the tip of the nose (head only)
Rostral
66.5%
Hint
Answer
% Correct
Toward the surface
Superficial
65.3%
A plane across the body that divides it into cranial and caudal parts.
Transverse plane
55.8%
A plane that divides the body into dorsal and ventral parts.
Dorsal plane
54.4%
Back of hindlimb distal to tarsus
Plantar
54.3%
A special kind of sagittal plane that runs down the center of the body lengthwise and divides it into equal left and right halves.
Median plane
53.1%
A plane that runs the length of the body and divides it into left and right parts that are not necessarily equal halves.
Sagittal plane
52.1%
Back of forelimb distal to carpus
Palmar
50.7%
Front of forelimb and hindlimb distal to carpus and tarsus
Dorsal
46.3%
Toward the center
Deep
44.1%
Quiz Playlist
Details
Report
Send in Message
Add To Playlist
Classic:
Type in answers that appear in a list
Forced Order:
Answers have to be entered in order
Random Order:
Randomize order of answers
Last Updated: Feb 16, 2017
Quiz Scoreboard
CHALLENGE
Sign Up to Join the Scoreboard
Show All
Scores
Hide
Comments
May contain spoilers
Recently Published
Pick 6: Fruits
by JohnFran
Miscellaneous
15s
Click the 1999 NBA Draft
by nibperrychub
Sports
2m
Alphabetical 'K' Countries by Flag Minefield
by ylime102
Geography
3m
More to Explore
Quiz From the Vault
Featured Blog Post
15 Basketball Trivia Facts You Can Be March Mad About
hide this ad
You Might Also Like...
Tags
Anatomy Quiz
Vocabulary Quiz
direction
Domestic Animal
Human
plane
Reference
Term
Today's Top Quizzes in Science
Browse Science
hide this ad
Today's Top Quizzes in Vocabulary
Browse Vocabulary
Top Contributed Quizzes in Science
1
Pick 6: Animals
2
Group Clicking: Animals II
3
Find the Spring Animals
4
The First 100 Digits of Pi
5
Square Numbers Scrambled (1-50)
6
Flowers by Accent Chairs
7
Why is the sky blue? And other physics questions.
8
Needlepoint Flowers
9
Needlepoint Flowers II
10
Cubes 1-10
Explore More
Trending Topics
NBA
Disney
Anime
Harry Potter
Kpop
Marvel
Crossword
Soccer
Song
Pokémon
NFL
The Office
Puzzle
Country
WWE
hide this ad
More By:
revolutionrock
Quiz
Plays
Rating
Category
Featured
Created
Anatomical Planes of Reference and Directions
2,066
2.00
Science
Feb 2, 2014
Go to Creator's Profile
Score Distribution
Quiz Creator Spotlight
revolutionrock
Follow
Send a Message
Quizzes Created
-
Created Quiz Play Count
-
More By This Creator
Popular Quizzes Today
1
Countries of Asia Without Outlines Minefield
2
Find the US States - No Outlines Minefield
3
Pick 6: Fruits
4
Alphabetical 'K' Countries by Flag Minefield
5
The Countries of the World
6
Find the US States
7
US States
8
Find the Countries of Europe - No Outlines Minefield
More Science Quizzes
Fastest Animals
Published
Trending Quizzes
Pick 6: Mountains
Pick 6: Harry Potter
Pick 6: Flags
Pick 6: NFL Teams
Pick 6: Movie Franchises
Recently Updated
NWSL Teams
pecheneg
Women's Final Four Teams by Year
bhenderson79
Presidents Quartet II
eogle
Anything But Clue(do)
eogle
Anything But Oceanian Capitals
eogle
Anything But 7
eogle
Anything But Thing
eogle
Word Ladder: February 29
pecheneg
Song Title Questions
pecheneg
Women's NCAA Tournament #1 Seeds
pecheneg
Trending Topics
NBA
Harry Potter
Anime
Disney
Marvel
Crossword
Kpop
Song
Puzzle
NFL
Soccer
Country
WWE
Pokémon
The Office
Your Account Isn't Verified!
In order to create a playlist on Sporcle, you need to verify the email address you used during registration. Go to your
Sporcle Settings
to finish the process.
Report this User
Report this user for behavior that violates our
Community Guidelines
.
Details:
Send Report
Go to the Sporcle.com Mobile Site →
Comments